Normal view
MARC view
- Downing, David , Williams, D.K
Entry Personal Name
001 - CONTROL NUMBER
- control field: 64522
003 - CONTROL NUMBER IDENTIFIER
- control field: NUST
005 - DATE AND TIME OF LATEST TRANSACTION
- control field: 20210628203306.0
008 - FIXED-LENGTH DATA ELEMENTS
- fixed length control field: 210628|| aca||aabn | a|a d
040 ## - CATALOGING SOURCE
- Original cataloging agency: NUST
- Transcribing agency: NUST
100 ## - HEADING--PERSONAL NAME
- Personal name: Downing, David , Williams, D.K
670 ## - SOURCE DATA FOUND
- Source citation: Work cat.: (NUST): Downing, David , Williams, D.K, The mcgraw hill dictionary of misspelled and easily confused words , chose the right word and spell it correctly, 2006
